Geography Quiz

Random Geography or World Quiz

Countries Ending in A But Not IA Quiz Stats

Quiz Updated Sep 27, 2017

Challenge
Share
Tweet
Embed
Score 0/35 Timer 06:00
0 Plays Today
Country % Correct
Canada
87.7%
China
81.8%
Argentina
81.3%
South Africa
71.1%
Cuba
69.6%
South Korea
68.7%
Andorra
68.5%
North Korea
68.5%
Panama
67.5%
Angola
66%
Venezuela
65%
Ghana
64.4%
Kenya
64.1%
Libya
63%
Jamaica
62.2%
Guatemala
61.4%
Guinea
60.8%
Dominica
60.1%
Country % Correct
Costa Rica
59.3%
Guyana
58%
Nicaragua
57.5%
Rwanda
57.5%
Malta
57.1%
Uganda
56.4%
Antigua and Barbuda
54.7%
Botswana
52.1%
Eritrea
50.9%
Moldova
48.8%
Tonga
47.8%
Grenada
47.5%
Equatorial Guinea
45.8%
Samoa
45.7%
Papua New Guinea
44.6%
Sri Lanka
44.3%
Bosnia and Herzegovina
39.2%

You're not logged in!

Compare scores with friends on all Sporcle quizzes.
Sign Up with Email
OR
Log In

You Might Also Like...

Show Comments

Extras

Top Quizzes Today


Score Distribution

Your Account Isn't Verified!

In order to create a playlist on Sporcle, you need to verify the email address you used during registration. Go to your Sporcle Settings to finish the process.